Welcome to the Holygrace Academy Library

Please use search bar below to get started

THE MERCHANT AND THE GENIE (Record no. 2555)

MARC details
000 -LEADER
fixed length control field 00405nam a22001577a 4500
020 ## - INTERNATIONAL STANDARD BOOK NUMBER
ISBN 978-81-8341-393-0
082 ## - DEWEY DECIMAL CLASSIFICATION NUMBER
Classification number 823
Item number ROH/M
100 ## - MAIN ENTRY--AUTHOR NAME
Personal name ROHAN BOOK COMPANY
245 ## - TITLE STATEMENT
Title THE MERCHANT AND THE GENIE
Remainder of title ARABIAN TALES
246 ## - VARYING FORM OF TITLE
Title proper/short title THE MERCHANT AND THE GENIE
Remainder of title ARABIAN TALES
260 ## - PUBLICATION, DISTRIBUTION, ETC. (IMPRINT)
Place of publication DELHI
Name of publisher ROHAN BOOK COMPANY
300 ## - PHYSICAL DESCRIPTION
Number of Pages 16
520 ## - SUMMARY, ETC.
Summary, etc ARABIAN TALES
650 ## - SUBJECT ADDED ENTRY--TOPICAL TERM
Topical Term ARABIAN TALES
942 ## - ADDED ENTRY ELEMENTS (KOHA)
Koha item type Books
Holdings
Withdrawn status Lost status Collection code Home library Current library Shelving location Date acquired Source of acquisition Cost, normal purchase price Full call number Accession Number Koha item type
    Fiction Main Library Main Library SHELF 4-D MYTHOLOGY 20/09/2023 Purchase 40.00 823 ROH/M 12368 Books